00736nam a22001937a 4500003000400000020001800004082001700022100001600039245004200055250000800097260003500105300000900140650002400149653004200173942001200215952014900227952014900376999001700525SGT a9780323812054 a610.73bF23C aCOOPER, KIM aFOUNDATIONS AND ADULT HEALTH NURSING  a9TH aMISSOURI bELSEVIER PUB c2023 a2206 aNURSING FOUNDATION  aFOUNDATIONS AND ADULT HEALTH NURSING  2ddccBK 00102ddc40718NURSINGaFMbFMcREFd2023-09-04eABC DELHIg13439.00iSGTUl0o610.73 F23CpFN5309r2023-09-04 00:00:00w2023-06-20yBKk16927 00102ddc40718NURSINGaFMbFMcREFd2023-09-04eABC DELHIg13439.00iSGTUl0o610.73 F23CpFN5310r2023-09-04 00:00:00w2023-06-20yBKk16927 c24954d24954